000 00598nam a22002057a 4500
005 20140801104912.0
010 _aENG-109968
020 _a9789351430643
_c1195.00
035 _aEN-93501
037 _bDBAD/PUB
082 _a342.54
100 _aJain, M.P.
245 _aIndian constitutional law /
_cby M.P. Jain
250 _a7th ed
260 _aGurgaon
_bLexis Nexis
_c2014
270 _a14th Floor, Bldg No.10, Tower-B, DLF Cyber City, Phase-II
_bGurgaon
_e122002
300 _aclxxxviii,2027p.
_c25cm(pbk)
500 _aIncludes index
942 _2ddc
_cEN
_mJAI
_h342.54
999 _c84410
_d84410